|
|
|
|
| LEADER |
00000nas a2200000 a 4500 |
| 001 |
ssj0021953 |
| 003 |
WaSeSS |
| 005 |
20200512172242.0 |
| 006 |
m d |
| 007 |
cr n |
| 008 |
000127u1999uuuutu fr p s 0 0eng c |
| 010 |
|
|
|a 00234466
|
| 022 |
|
|
|l 1302-1060
|y 1302-1060
|
| 035 |
|
|
|a (WaSeSS)ssj0021953
|
| 040 |
|
|
|a HLS
|b eng
|c HLS
|d SYS
|d DLC
|d OCLCQ
|d OCLCF
|d OCLCO
|d RDF
|d WaSeSS
|
| 042 |
|
|
|a pcc
|
| 050 |
0 |
0 |
|a HB1
|b .J62
|
| 245 |
0 |
0 |
|a Journal of economic and social research
|h [electronic resource].
|
| 246 |
1 |
3 |
|a JESR
|
| 260 |
|
|
|a Istanbul :
|b Fatih University,
|c [1999?-
|
| 310 |
|
|
|a Semiannual
|
| 362 |
0 |
|
|a Vol. 1, no. 1 (1999)-
|
| 500 |
|
|
|a Title from cover.
|
| 506 |
|
|
|a License restrictions may limit access.
|
| 650 |
|
0 |
|a Economics
|v Periodicals.
|
| 650 |
|
0 |
|a Social sciences
|v Periodicals.
|
| 650 |
|
7 |
|a Economics.
|2 fast
|0 (OCoLC)fst00902116
|
| 650 |
|
7 |
|a Social sciences.
|2 fast
|0 (OCoLC)fst01122877
|
| 655 |
|
0 |
|a Electronic journals.
|
| 710 |
2 |
|
|a Fatih Üniversitesi.
|
| 850 |
|
|
|a DLC
|a MH
|
| 853 |
2 |
0 |
|8 1
|a v.
|b no.
|u 2
|v r
|i (year)
|w f
|
| 856 |
4 |
0 |
|z Full text available from Research Library: 01/01/2009 to 01/31/2014
|u https://search.proquest.com/publication/54566
|
| 863 |
4 |
1 |
|8 1.1
|a 1
|b 1
|i 1999
|